History Quiz

Random History or Nintendo Quiz

Wild Ride Through Hurricanes Quiz Stats

Quiz not verified by Sporcle

Challenge
Share
Tweet
Embed
Score 0/50 Timer 10:00
0 Plays Today
Rank Name % Correct
5.Hurricane Katrina
94.4%
1.Hurricane Wilma
86%
17.Hurricane Andrew
86%
3.Hurricane Rita
83.2%
6.Hurricane Camille
75.7%
9.Hurricane Ivan
73.8%
2.Hurricane Gilbert
67.3%
12.Hurricane Hugo
66.4%
13.Hurricane Opal
64.5%
45.Hurricane Frances
64.5%
7.Hurricane Mitch
61.7%
42.Hurricane Ike
61.7%
8.Hurricane Dean
60.7%
16.Hurricane Floyd
58.9%
28.Hurricane Dennis
58.9%
11.Hurricane Isabel
57.9%
4.Hurricane Allen
56.1%
26.Hurricane Felix
56.1%
29.Hurricane Felix
56.1%
25.Hurricane Emily
49.5%
32.Hurricane Donna
48.6%
46.Hurricane Georges
47.7%
47.Hurricane Hazel
47.7%
14.Hurricane Gloria
45.8%
19.Hurricane David
41.1%
Rank Name % Correct
38.Hurricane Isidore
40.2%
31.Hurricane Carla
37.4%
39.Hurricane Michelle
37.4%
41.Hurricane Hortense
36.4%
43.Hurricane Luis
35.5%
10.Hurricane Janet
34.6%
35.Hurricane Lenny
34.6%
18.Hurricane Beulah
30.8%
23.Hurricane Carmen
28%
27.Hurricane Inez
28%
15.Hurricane Hattie
27.1%
49.Hurricane Ione
26.2%
44.Hurricane Connie
25.2%
50.Hurricane Karl
25.2%
20.Hurricane Anita
23.4%
24.Hurricane Carol
22.4%
33.Hurricane Joan
21.5%
34.Hurricane Edouard
18.7%
37.Hurricane Helene
17.8%
48.Hurricane Helene
17.8%
30.Hurricane Gert
15%
22.Hurricane Gabrielle
14%
36.Hurricane Fox
7.5%
21.Hurricane Esther
5.6%
40.Hurricane Daisy
0.9%

You're not logged in!

Compare scores with friends on all Sporcle quizzes.
Sign Up with Email
OR
Log In

You Might Also Like...

Show Comments

Extras

Top Quizzes Today


Score Distribution

Your Account Isn't Verified!

In order to create a playlist on Sporcle, you need to verify the email address you used during registration. Go to your Sporcle Settings to finish the process.